[Event "5th Ordu Open 2019"]
[Site "Ordu"]
[Date "2019.05.01"]
[Round "4.11"]
[White "Aysoy, Veysi"]
[Black "Lomaia, Diana"]
[Result "1-0"]
[WhiteElo "1920"]
[BlackElo "1780"]
[Annotator "NA"]
[PlyCount "99"]
[EventDate "2019.04.29"]
[EventType "swiss"]
[EventCountry "TUR"]
[SourceTitle "playchess.com"]
[Source "ChessBase"]
[SourceQuality "1"]
[TimeControl "5400+30"]

1. e4 {[%emt 0:30:30]} c5 {[%emt 0:30:30]} 2. a3 {[%emt 0:00:30]} d6 {[%emt 0:00:30]} 3. Nc3 {[%emt 0:00:30]} Nc6 {[%emt 0:00:30]} 4. Nge2 {[%emt 0:00:30]} g6 {[%emt 0:00:30]} 5. d4 {[%emt 0:01:30]} cxd4 {[%emt 0:00:30]} 6. Nxd4 {[%emt 0:00:30]} Bg7 {[%emt 0:00:30]} 7. Be3 {[%emt 0:00:30]} Nf6 {[%emt 0:01:30]} 8. Be2 {[%emt 0:02:30]} O-O {[%emt 0:02:30]} 9. g4 {[%emt 0:04:30]} Nxd4 {[%emt 0:15:30]} 10. Bxd4 {[%emt 0:02:30]} Be6 {[%emt 0:00:30]} 11. g5 {[%emt 0:02:30]} Ne8 {[%emt 0:02:30]} 12. h4 {[%emt 0:01:30]} Bxd4 {[%emt 0:07:30]} 13. Qxd4 {[%emt 0:00:30]} Qb6 {[%emt 0:00:30]} 14. O-O-O {[%emt 0:06:30]} Qxd4 {[%emt 0:02:30]} 15. Rxd4 {[%emt 0:00:00]} Rc8 {[%emt 0:01:30]} 16. f4 {[%emt 0:03:00]} f5 {[%emt 0:08:30]} 17. h5 {[%emt 0:02:30]} Ng7 {[%emt 0:03:20]} 18. h6 {[%emt 0:05:30]} Ne8 {[%emt 0:00:41]} 19. exf5 {[%emt 0:00:30]} Bxf5 {[%emt 0:01:13]} 20. Re1 {[%emt 0:06:30]} e6 {[%emt 0:04:14]} 21. Bb5 {[%emt 0:07:30]} Nc7 {[%emt 0:07:51]} 22. Bd7 {[%emt 0:06:02]} Rcd8 {[%emt 0:00:18]} 23. Rxd6 {[%emt 0:03:42]} Rf7 {[%emt 0:00:32]} 24. Red1 {[%emt 0:00:53]} Kf8 {[%emt 0:05:19]} 25. Ba4 {[%emt 0:01:22]} Rxd6 {[%emt 0:00:37]} 26. Rxd6 {[%emt 0:00:08]} Kg8 {[%emt 0:02:01]} 27. Kd2 {[%emt 0:04:28]} a6 {[%emt 0:00:06]} 28. Ke3 {[%emt 0:00:57]} b5 {[%emt 0:00:27]} 29. Bb3 {[%emt 0:00:56]} Kf8 {[%emt 0:00:28]} 30. Ne4 {[%emt 0:01:59]} Bxe4 {[%emt 0:00:36]} 31. Kxe4 {[%emt 0:00:33]} Ke7 {[%emt 0:00:16]} 32. Rb6 {[%emt 0:00:51]} Kd7 {[%emt 0:00:37]} 33. Rb8 {[%emt 0:00:55]} Ke7 {[%emt 0:01:06]} 34. a4 {[%emt 0:02:18]} Kd7 {[%emt 0:00:35]} 35. Rg8 {[%emt 0:00:18]} Re7 {[%emt 0:00:33]} 36. Ke5 {[%emt 0:00:40]} Rf7 {[%emt 0:00:36]} 37. Rg7 {[%emt 0:00:20]} Re7 {[%emt 0:00:02]} 38. c3 {[%emt 0:00:27]} Kd8 {[%emt 0:00:51]} 39. Bc2 {[%emt 0:00:50]} Nd5 {[%emt 0:00:34]} 40. axb5 {[%emt 0:01:09]} axb5 {[%emt 0:00:05]} 41. Be4 {[%emt 0:00:19]} Nb6 {[%emt 0:00:50]} 42. Rxe7 {[%emt 0:01:11]} Kxe7 {[%emt 0:00:04]} 43. Bxg6 {[%emt 0:00:00]} Nd7+ {[%emt 0:00:38]} 44. Kd4 {[%emt 0:00:27]} Nf8 {[%emt 0:00:14]} 45. Bxh7 {[%emt 0:01:01]} Nxh7 {[%emt 0:00:29]} 46. g6 {[%emt 0:00:00]} Nf8 {[%emt 0:00:52]} 47. g7 {[%emt 0:00:29]} e5+ {[%emt 0:00:26]} 48. fxe5 {[%emt 0:00:09]} Ne6+ {[%emt 0:00:09]} 49. Kd5 {[%emt 0:00:22]} Nf4+ {[%emt 0:00:42]} 50. Ke4 {[%emt 0:00:27]} 1-0

[Event "5th Ordu Open 2019"]
[Site "Ordu"]
[Date "2019.05.01"]
[Round "4.13"]
[White "Sulak, Yusuf"]
[Black "Tamer, Kayra"]
[Result "1/2-1/2"]
[WhiteElo "1555"]
[BlackElo "1394"]
[Annotator "NA"]
[PlyCount "53"]
[EventDate "2019.04.29"]
[EventType "swiss"]
[EventCountry "TUR"]
[SourceTitle "playchess.com"]
[Source "ChessBase"]
[SourceQuality "1"]
[TimeControl "5400+30"]

1. c4 {[%emt 0:30:30]} Nf6 {[%emt 0:30:30]} 2. d4 {[%emt 0:00:30]} g6 {[%emt 0:00:30]} 3. Nc3 {[%emt 0:00:30]} Bg7 {[%emt 0:00:30]} 4. e4 {[%emt 0:00:30]} d6 {[%emt 0:01:30]} 5. Nf3 {[%emt 0:01:30]} c6 {[%emt 0:00:30]} 6. Bf4 {[%emt 0:01:30]} Nbd7 {[%emt 0:02:30]} 7. Bd3 {[%emt 0:00:30]} O-O {[%emt 0:00:30]} 8. Qd2 {[%emt 0:00:30]} Re8 {[%emt 0:00:30]} 9. d5 {[%emt 0:08:30]} cxd5 {[%emt 0:03:30]} 10. cxd5 {[%emt 0:03:30]} Nc5 {[%emt 0:00:00]} 11. O-O {[%emt 0:00:30]} Bg4 {[%emt 0:01:00]} 12. Qe3 {[%emt 0:08:30]} Qb6 {[%emt 0:01:30]} 13. Rab1 {[%emt 0:08:30]} Rac8 {[%emt 0:04:30]} 14. Bb5 {[%emt 0:05:30]} Red8 {[%emt 0:01:30]} 15. Bd3 {[%emt 0:06:57]} Bxf3 {[%emt 0:00:30]} 16. gxf3 {[%emt 0:01:02]} Nxd3 {[%emt 0:08:30]} 17. Qxd3 {[%emt 0:00:25]} a6 {[%emt 0:00:00]} 18. Be3 {[%emt 0:01:25]} Qb4 {[%emt 0:01:00]} 19. Rfc1 {[%emt 0:03:52]} Nd7 {[%emt 0:01:30]} 20. a3 {[%emt 0:02:33]} Qb3 {[%emt 0:00:30]} 21. Qd1 {[%emt 0:03:01]} Qxd1+ {[%emt 0:01:30]} 22. Nxd1 {[%emt 0:01:13]} Ne5 {[%emt 0:01:30]} 23. Kg2 {[%emt 0:02:50]} Nd3 {[%emt 0:00:30]} 24. Rxc8 {[%emt 0:00:33]} Rxc8 {[%emt 0:00:30]} 25. b4 {[%emt 0:01:18]} b5 {[%emt 0:01:30]} 26. Rb3 {[%emt 0:02:55]} Ne5 {[%emt 0:01:30]} 27. Bd4 {[%emt 0:00:37]} 1/2-1/2

[Event "5th Ordu Open 2019"]
[Site "Ordu"]
[Date "2019.05.01"]
[Round "4.14"]
[White "Erdogan, Celalettin"]
[Black "Kvikvinia, Teimuraz"]
[Result "0-1"]
[WhiteElo "1344"]
[BlackElo "1592"]
[Annotator "NA"]
[PlyCount "72"]
[EventDate "2019.04.29"]
[EventType "swiss"]
[EventCountry "TUR"]
[SourceTitle "playchess.com"]
[Source "ChessBase"]
[SourceQuality "1"]
[TimeControl "5400+30"]

1. d4 {[%emt 0:30:30]} Nf6 {[%emt 0:30:30]} 2. c4 {[%emt 0:00:30]} e6 {[%emt 0:00:00]} 3. Nc3 {[%emt 0:00:00]} Bb4 {[%emt 0:01:00]} 4. e3 {[%emt 0:01:00]} O-O {[%emt 0:01:30]} 5. Qc2 {[%emt 0:00:30]} d5 {[%emt 0:00:30]} 6. Nf3 {[%emt 0:00:00]} Nc6 {[%emt 0:07:30]} 7. cxd5 {[%emt 0:00:00]} exd5 {[%emt 0:00:30]} 8. Bd3 {[%emt 0:00:30]} h6 {[%emt 0:00:30]} 9. O-O {[%emt 0:00:00]} Re8 {[%emt 0:01:30]} 10. h3 {[%emt 0:02:00]} Be6 {[%emt 0:05:30]} 11. a3 {[%emt 0:00:30]} Bxc3 {[%emt 0:00:30]} 12. bxc3 {[%emt 0:05:30]} Qc8 {[%emt 0:09:30]} 13. Rb1 {[%emt 0:01:30]} Rb8 {[%emt 0:00:30]} 14. Nh2 {[%emt 0:00:30]} Ne7 {[%emt 0:01:30]} 15. f4 {[%emt 0:00:30]} Bf5 {[%emt 0:00:00]} 16. Nf3 {[%emt 0:01:30]} Bxd3 {[%emt 0:02:00]} 17. Qxd3 {[%emt 0:00:30]} Qf5 {[%emt 0:01:30]} 18. Qb5 {[%emt 0:02:30]} c6 {[%emt 0:00:30]} 19. Qb3 {[%emt 0:00:30]} Ne4 {[%emt 0:00:30]} 20. g4 {[%emt 0:04:30]} Qc8 {[%emt 0:02:30]} 21. Rb2 {[%emt 0:02:30]} Qd8 {[%emt 0:05:30]} 22. Rg2 {[%emt 0:00:30]} Qc8 {[%emt 0:10:13]} 23. Kh2 {[%emt 0:01:30]} Ng6 {[%emt 0:03:13]} 24. Bd2 {[%emt 0:09:30]} Nxd2 {[%emt 0:00:59]} 25. Nxd2 {[%emt 0:00:30]} Rxe3 {[%emt 0:00:00]} 26. Rff2 {[%emt 0:05:30]} Qc7 {[%emt 0:00:37]} 27. Nf1 {[%emt 0:00:30]} Re4 {[%emt 0:00:37]} 28. Qc2 {[%emt 0:03:30]} Nxf4 {[%emt 0:00:59]} 29. Rg3 {[%emt 0:00:30]} Rbe8 {[%emt 0:00:00]} 30. Rgf3 {[%emt 0:04:30]} Nd3+ {[%emt 0:00:00]} 31. Ng3 {[%emt 0:01:30]} Nxf2 {[%emt 0:00:04]} 32. Rxf2 {[%emt 0:00:00]} Re3 {[%emt 0:00:54]} 33. Rg2 {[%emt 0:00:00]} Qf4 {[%emt 0:00:49]} 34. a4 {[%emt 0:05:42]} Rf3 {[%emt 0:00:30]} 35. Qd1 {[%emt 0:01:14]} Ree3 {[%emt 0:00:48]} 36. Qg1 {[%emt 0:00:10]} Rxc3 {[%emt 0:00:12]} 0-1

[Event "5th Ordu Open 2019"]
[Site "Ordu"]
[Date "2019.05.02"]
[Round "5.1"]
[White "Pacher, Milan"]
[Black "Barski, Radoslaw"]
[Result "1-0"]
[WhiteElo "2396"]
[BlackElo "2462"]
[Annotator "TA"]
[PlyCount "71"]
[EventDate "2019.04.29"]
[EventType "swiss"]
[EventCountry "TUR"]
[SourceTitle "playchess.com"]
[Source "ChessBase"]
[SourceQuality "1"]

{[%evp 9,71,27,20,15,14,9,6,10,12,-4,-4,-4,0,-20,-19,-29,-10,-12,-19,-58,0,0,0,0,16,9,14,25,17,0,0,0,0,0,5,-5,0,0,0,0,3,0,0,0,0,0,0,-9,21,22,31,8,31,38,32,26,33,33,258,266,352,354,329,324]} 1. c4 e6 2. Nc3 d5 3. d4 a6 4. cxd5 exd5 5. Nf3 ({Predecessor:} 5. Bf4 Nf6 6. e3 Bd6 7. Bg3 Bf5 8. Bd3 Bxd3 9. Qxd3 O-O {½-½ (44) Maze,S (2577)-Grachev,B (2705) Plovdiv 2012}) 5... Nf6 6. Bf4 $146 {D37: Queen's Gambit Declined: 5 Bf4} (6. Bg5 Be6 7. e3 Nbd7 8. Bd3 h6 9. Bf4 g5 10. Bg3 Nh5 11. Be5 Nhf6 12. Bg3 Nh5 13. Ne2 Nxg3 14. Nxg3 {1-0 (61) Leko,P (2679)-Caruana,F (2832) Germany 2019}) 6... Bd6 7. Bg3 O-O 8. e3 {The position is equal.} Bf5 9. Bd3 Bxd3 10. Qxd3 Re8 11. O-O Bxg3 12. hxg3 Nbd7 13. b4 Qe7 14. a4 c6 ({Black should play} 14... Qxb4 $15 15. Rfb1 Qd6) 15. b5 $11 axb5 16. axb5 Ra3 17. bxc6 bxc6 18. Qc2 Rea8 19. Rab1 g6 20. Rb7 Qe6 21. Rfb1 h6 22. Re1 Ra1 23. Rbb1 Rxb1 24. Qxb1 Ne4 (24... Rb8 {seems wilder.} 25. Qc2 Qd6 26. Rc1 h5 27. Ne2 Rb6) 25. Nxe4 dxe4 26. Nd2 Nf6 27. Rc1 Kg7 28. Qb3 Qg4 29. Nc4 Qe6 30. Qb2 Ra4 31. Ne5 Ra2 32. Qb1 $36 {[%mdl 2048] Black is under pressure.} Ra6 $1 33. Qb7 c5 $2 {[#]} (33... Ra2 $14) 34. Nxf7 $1 $18 {[%mdl 512]} Qb6 {[#]} (34... Qxf7 35. Qxa6) 35. Qxb6 $1 Rxb6 36. dxc5 {Accuracy: White = 55%, Black = 52%.} 1-0

[Event "5th Ordu Open 2019"]
[Site "Ordu"]
[Date "2019.05.02"]
[Round "5.2"]
[White "Kilic, Efe Mert"]
[Black "Annaberdiev, Meilis"]
[Result "1-0"]
[WhiteElo "2248"]
[BlackElo "2531"]
[Annotator "TA"]
[PlyCount "89"]
[EventDate "2019.04.29"]
[EventType "swiss"]
[EventCountry "TUR"]
[SourceTitle "playchess.com"]
[Source "ChessBase"]
[SourceQuality "1"]

{[%evp 14,89,32,26,40,21,45,36,37,44,38,31,25,39,31,40,46,50,41,1,6,12,4,1,0,0,74,76,78,64,83,70,65,72,68,0,47,50,47,50,31,50,46,53,90,50,53,45,45,57,67,32,30,25,16,18,13,14,7,7,1336,1334,1681,1646,1579,1515,984,934,29973,29973,29973,29975,29973,29952,29977,29978,29978,29979]} 1. e4 c6 2. d4 d5 3. Nc3 dxe4 4. Nxe4 Nf6 5. Nxf6+ exf6 6. c3 Bd6 7. Bd3 O-O 8. Qc2 Re8+ {B15: Caro-Kann: 3 Nc3: 3...g6 and 3...dxe4 4 Nxe4 Nf6 5 Nxf6+ exf6} 9. Ne2 (9. Be3 h6 10. Ne2 Na6 11. O-O Nc7 12. c4 Bg4 13. h3 Bxe2 14. Bxe2 Ne6 15. Rad1 Qc7 16. Bg4 Rad8 17. Rfe1 Bf4 18. Bxf4 Nxf4 19. Rxe8+ Rxe8 {½-½ (58) Svidler,P (2756)-Carlsen,M (2839) Porto Carras 2018}) 9... h5 10. O-O Qc7 {White is slightly better.} 11. h3 Be6 12. Be3 Nd7 13. c4 Nf8 14. Nc3 $146 ({Predecessor:} 14. c5 Be7 15. Nf4 g6 16. Nxe6 Nxe6 {0-1 (41) Tan,J (2466)-Hansen,T (2410) chess.com INT 2018}) 14... Qc8 15. Rfe1 f5 16. f4 Ng6 17. Qf2 Qc7 {[%cal Rg6f4]} 18. d5 Bd7 {[%cal Rg6f4]} 19. c5 ({But not} 19. Bxa7 Rxe1+ 20. Rxe1 c5 $17) 19... Bxf4 (19... Rxe3 $1 $11 {keeps the balance.} 20. Qxe3 Bxf4) 20. d6 $16 Bxe3 21. Rxe3 ({And not} 21. dxc7 Bxf2+ 22. Kxf2 Ne5 $17) 21... Qa5 22. Rxe8+ Rxe8 23. Bxf5 Ne5 {Black wants to play ...Bxf5.} 24. a3 (24. Ne4 $14) 24... Nf3+ 25. Kh1 Bxf5 26. b4 Qd8 27. Qxf3 {[%mdl 64] Double Attack} Qg5 {Threatens to win with ...Re3.} 28. Rf1 g6 {Hoping for ...Re3.} 29. Qf4 Qxf4 30. Rxf4 $14 {[%mdl 4096] Endgame KRB-KRN} Kf8 31. g4 Re1+ 32. Kg2 (32. Kh2 $5 {[%cal Rg4f5]} hxg4 33. hxg4 $14) 32... hxg4 33. hxg4 Be6 34. Kf2 Ra1 35. g5 Rxa3 36. Ne4 Ke8 $2 {[%mdl 8192]} (36... Ra2+ $11 37. Ke3 Ra3+ 38. Kf2 Ra2+ 39. Ke3 Ra3+ 40. Kd4 Rb3) 37. Nf6+ $18 Kd8 {[#]} 38. Rh4 $1 {[%cal Rh4h8]} Rh3 {[#]} 39. Rh6 $1 Bf5 40. Kg2 Rxh6 41. gxh6 {White mates.} g5 42. h7 Bxh7 43. Nxh7 g4 44. Nf6 b6 45. Nxg4 {Accuracy: White = 69%, Black = 52%.} 1-0

[Event "5th Ordu Open 2019"]
[Site "Ordu"]
[Date "2019.05.02"]
[Round "5.3"]
[White "Dogan, Nazmi Can"]
[Black "Odeev, Handszar"]
[Result "1-0"]
[WhiteElo "2214"]
[BlackElo "2394"]
[Annotator "RC"]
[PlyCount "50"]
[EventDate "2019.04.29"]
[EventType "swiss"]
[EventCountry "TUR"]
[SourceTitle "playchess.com"]
[Source "ChessBase"]
[SourceQuality "1"]
[TimeControl "5400+30"]

1. Nf3 {[%emt 0:00:30]} g6 {[%emt 0:07:30]} 2. e4 {[%emt 0:05:30]} c5 {[%emt 0:03:30]} 3. d4 {[%emt 0:00:00]} cxd4 {[%emt 0:00:30]} 4. Qxd4 {[%emt 0:04:00]} Nf6 {[%emt 0:00:30]} 5. Nc3 {[%emt 0:00:30]} Nc6 {[%emt 0:00:30]} 6. Qa4 {[%emt 0:00:00]} Ng4 {[%emt 0:08:30]} 7. h3 {[%emt 0:17:00]} Nge5 {[%emt 0:00:30]} 8. Nxe5 {[%emt 0:01:30]} Nxe5 {[%emt 0:00:30]} 9. Be3 {[%emt 0:00:30]} Bg7 {[%emt 0:10:30]} 10. Bd4 {[%emt 0:03:30]} O-O {[%emt 0:05:30]} 11. f4 {[%emt 0:02:30]} Nc6 {[%emt 0:01:30]} 12. Bxg7 {[%emt 0:00:30]} Kxg7 {[%emt 0:00:00]} 13. O-O-O {[%emt 0:01:30]} Qb6 {[%emt 0:19:00]} 14. e5 {[%emt 0:21:30]} d6 {[%emt 0:06:30]} 15. exd6 {[%emt 0:02:30]} exd6 {[%emt 0:00:30]} 16. Rxd6 {[%emt 0:03:30]} Bf5 {[%emt 0:05:30]} 17. Bd3 {[%emt 0:09:30]} Bxd3 {[%emt 0:11:28]} 18. Rxd3 {[%emt 0:00:30]} Rad8 {[%emt 0:00:02]} 19. Nd5 {[%emt 0:01:30]} Qc5 {[%emt 0:07:26]} 20. Rhd1 {[%emt 0:02:30]} Rfe8 {[%emt 0:01:10]} 21. R3d2 {[%emt 0:05:26]} b5 {[%emt 0:01:52]} 22. Qb3 {[%emt 0:00:57]} b4 {[%emt 0:03:00]} 23. Qg3 {[%emt 0:02:48]} f6 {[%emt 0:05:00]} 24. Qh4 {[%emt 0:05:00]} Rd6 {[%emt 0:00:18]} 25. Nc7 {[%emt 0:00:58]} Rxd2 {[%emt 0:01:14]} 1-0

[Event "5th Ordu Open 2019"]
[Site "Ordu"]
[Date "2019.05.02"]
[Round "5.4"]
[White "Tanriverdi, Enes"]
[Black "Isik, Alparslan"]
[Result "0-1"]
[WhiteElo "2348"]
[BlackElo "2233"]
[Annotator "TA"]
[PlyCount "70"]
[EventDate "2019.04.29"]
[EventType "swiss"]
[EventCountry "TUR"]
[SourceTitle "playchess.com"]
[Source "ChessBase"]
[SourceQuality "1"]

{[%evp 12,112,0,0,0,0,-4,-6,5,-16,-22,-28,-16,-24,0,-6,-19,-27,16,0,0,0,0,0,69,54,85,33,57,0,106,49,47,37,39,43,73,33,32,0,86,84,86,71,105,101,111,100,158,-325,-249,-360,-359,-389,-389,-518,-493,-533,-537,-508,-447,-447,-442,-434,-413,-692,-347,-347,-347,-347,-347,-347,-347,-344,-329,-511,-509,-502,-502,-497,-497,-477,-478,-552,-546,-477,-477,-1029,-1006,-1032,-1006,-1126,-1125,-1117,-1089,-29980,-29981,-29981,-29982,-29981,-29982,-29982,-29982]} 1. d4 Nf6 2. c4 g6 3. Nc3 d5 4. Nf3 Bg7 5. Qa4+ Bd7 6. Qb3 dxc4 7. Qxc4 O-O {D90: Grünfeld: 4 Nf3 Bg7 sidelines} 8. Bf4 Na6 (8... c6 9. e4 b5 10. Qd3 c5 11. e5 Nh5 12. Bg5 cxd4 13. Qxd4 Nc6 14. Qe3 b4 15. Nd5 {½-½ (54) Mamedyarov,S (2746)-Caruana,F (2804) Shamkir 2016}) 9. e4 c5 {The position is equal.} 10. e5 (10. dxc5 {looks sharper.} Qc8 11. Rd1 Be6 12. Qd4 Nd7 13. e5) 10... Be6 11. exf6 Bxc4 12. fxg7 Kxg7 {Hoping for ...Bxf1.} 13. Bxc4 cxd4 14. O-O-O Rc8 15. Be5+ $146 ({Predecessor:} 15. Rxd4) 15... Kg8 16. Rxd4 Qa5 {...b5 is the strong threat.} 17. Kb1 b5 (17... Nb4 $11) 18. Nd5 $36 {[%cal Rd5e7][%mdl 2048] White fights for an advantage.} (18. Bxb5 $2 Rxc3 19. Bxa6 Rxf3 $19) 18... Rfe8 19. Be2 (19. Bd3 $16) 19... f6 20. Bf4 b4 (20... Kg7 $11 21. Bd2 b4) 21. Bxa6 (21. Re1 $16) 21... Qxa6 22. Nc7 (22. Nxb4 Qe6 $15) 22... Rxc7 $1 23. Bxc7 Qe2 24. Rd2 ({Much weaker is} 24. Rxb4 Rc8 $15) 24... Qe4+ 25. Rc2 e5 (25... Rc8 $11 26. Re1 Qd3) 26. Re1 $16 Qd3 27. Kc1 Qa6 {[#]} 28. b3 $1 Rc8 29. Kb2 Qb5 ({Black should play} 29... Qd3) 30. g4 $2 (30. Re4 $16 {and life is bright.}) 30... Qd5 31. Re3 (31. Nxe5 {was necessary.} Rxc7 {[%mdl 64] Deflection} 32. Rxc7 Qd2+ {[%mdl 64] Double Attack} 33. Rc2 Qxe1 34. Nc6) 31... e4 $19 32. Nd2 {[#]} Rxc7 $1 {[%mdl 576] Remove Defender, Decoy} 33. Rxc7 {And now Rc8+ would win.} Qe5+ {[%mdl 64] Double Attack} ({Not} 33... Qxd2+ 34. Rc2 $17) 34. Kb1 Qxc7 35. Nxe4 {[%mdl 4096] Endgame KQ-KRN} Qxh2 {Played: f6-f5} 0-1

[Event "5th Ordu Open 2019"]
[Site "Ordu"]
[Date "2019.05.02"]
[Round "5.5"]
[White "Olcum, Ahmet"]
[Black "Mosadeghpour, Masoud"]
[Result "0-1"]
[WhiteElo "2300"]
[BlackElo "2514"]
[Annotator "RC"]
[PlyCount "102"]
[EventDate "2019.04.29"]
[EventType "swiss"]
[EventCountry "TUR"]
[SourceTitle "playchess.com"]
[Source "ChessBase"]
[SourceQuality "1"]
[TimeControl "5400+30"]

1. d4 {[%emt 0:11:30]} Nf6 {[%emt 0:00:30]} 2. Bf4 {[%emt 0:00:00]} b6 {[%emt 0:00:30]} 3. Nf3 {[%emt 0:01:00]} Bb7 {[%emt 0:00:30]} 4. e3 {[%emt 0:00:00]} g6 {[%emt 0:00:30]} 5. Be2 {[%emt 0:00:00]} d6 {[%emt 0:00:30]} 6. h3 {[%emt 0:00:30]} Bg7 {[%emt 0:00:30]} 7. O-O {[%emt 0:00:30]} O-O {[%emt 0:00:30]} 8. Bh2 {[%emt 0:04:30]} Nbd7 {[%emt 0:02:30]} 9. a4 {[%emt 0:02:30]} a5 {[%emt 0:01:30]} 10. c4 {[%emt 0:10:30]} Ne4 {[%emt 0:03:30]} 11. Nfd2 {[%emt 0:01:30]} Nxd2 {[%emt 0:03:30]} 12. Nxd2 {[%emt 0:01:30]} e5 {[%emt 0:00:30]} 13. Bf3 {[%emt 0:02:30]} Bxf3 {[%emt 0:02:30]} 14. Nxf3 {[%emt 0:00:30]} Re8 {[%emt 0:05:30]} 15. Qd2 {[%emt 0:16:30]} Qe7 {[%emt 0:11:30]} 16. Rfd1 {[%emt 0:00:30]} Nb8 {[%emt 0:04:30]} 17. c5 {[%emt 0:10:30]} bxc5 {[%emt 0:03:30]} 18. dxe5 {[%emt 0:00:30]} dxe5 {[%emt 0:00:00]} 19. Rac1 {[%emt 0:03:30]} e4 {[%emt 0:21:00]} 20. Ne1 {[%emt 0:00:30]} Na6 {[%emt 0:00:30]} 21. b3 {[%emt 0:07:30]} Qe6 {[%emt 0:06:30]} 22. Qxa5 {[%emt 0:06:22]} Qxb3 {[%emt 0:00:30]} 23. Bxc7 {[%emt 0:09:54]} Bb2 {[%emt 0:10:30]} 24. Rb1 {[%emt 0:00:30]} Nxc7 {[%emt 0:00:30]} 25. Qxc7 {[%emt 0:00:30]} c4 {[%emt 0:00:30]} 26. a5 {[%emt 0:06:16]} c3 {[%emt 0:00:44]} 27. Qb6 {[%emt 0:00:09]} Qa4 {[%emt 0:02:34]} 28. Rd4 {[%emt 0:00:52]} c2 {[%emt 0:02:13]} 29. Rxb2 {[%emt 0:02:45]} Qxd4 {[%emt 0:00:30]} 30. Nxc2 {[%emt 0:00:04]} Qa4 {[%emt 0:02:25]} 31. Nd4 {[%emt 0:00:48]} Qxa5 {[%emt 0:00:50]} 32. Qb3 {[%emt 0:00:44]} Qc7 {[%emt 0:01:02]} 33. Qd1 {[%emt 0:00:26]} Rec8 {[%emt 0:01:11]} 34. Rc2 {[%emt 0:00:19]} Qd6 {[%emt 0:00:48]} 35. Rxc8+ {[%emt 0:00:30]} Rxc8 {[%emt 0:00:30]} 36. g3 {[%emt 0:00:06]} Qd5 {[%emt 0:00:45]} 37. Kg2 {[%emt 0:00:30]} Ra8 {[%emt 0:01:04]} 38. Qb1 {[%emt 0:00:12]} h5 {[%emt 0:00:31]} 39. h4 {[%emt 0:00:25]} Ra2 {[%emt 0:00:00]} 40. Qb8+ {[%emt 0:00:13]} Kg7 {[%emt 0:02:31]} 41. Qc7 {[%emt 0:00:50]} Kh7 {[%emt 0:03:46]} 42. Qc3 {[%emt 0:01:01]} Qa5 {[%emt 0:01:15]} 43. Qc4 {[%emt 0:00:28]} Kg8 {[%emt 0:00:56]} 44. Qc8+ {[%emt 0:00:53]} Kg7 {[%emt 0:00:35]} 45. Qb8 {[%emt 0:00:36]} Qa6 {[%emt 0:01:17]} 46. Qb1 {[%emt 0:00:31]} Ra1 {[%emt 0:02:54]} 47. Qb5 {[%emt 0:00:03]} Qxb5 {[%emt 0:00:28]} 48. Nxb5 {[%emt 0:00:01]} Kf6 {[%emt 0:00:29]} 49. Nd6 {[%emt 0:00:23]} Ra4 {[%emt 0:00:00]} 50. Kf1 {[%emt 0:00:30]} Rb4 {[%emt 0:00:09]} 51. Kg2 {[%emt 0:01:56]} Ke5 {[%emt 0:00:30]} 0-1

[Event "5th Ordu Open 2019"]
[Site "Ordu"]
[Date "2019.05.02"]
[Round "5.6"]
[White "Klekowski, Maciej"]
[Black "Asgari, Morteza"]
[Result "1/2-1/2"]
[WhiteElo "2502"]
[BlackElo "2249"]
[Annotator "TA"]
[PlyCount "63"]
[EventDate "2019.04.29"]
[EventType "swiss"]
[EventCountry "TUR"]
[SourceTitle "playchess.com"]
[Source "ChessBase"]
[SourceQuality "1"]

{[%evp 19,63,0,6,0,3,0,11,0,6,0,0,0,0,7,23,13,15,10,14,0,0,6,20,18,16,17,18,0,3,0,2,16,44,0,0,-12,-10,-10,-15,-61,0,-7,0,-93,0,0]} 1. e4 c5 2. Nf3 d6 3. d4 cxd4 4. Nxd4 Nf6 5. Nc3 a6 6. Be2 e5 7. Nf3 Be7 8. Bg5 Be6 9. Bxf6 Bxf6 10. O-O O-O 11. Nd5 {B92: Sicilian Najdorf: 6 Be2} (11. Qd2 Be7 12. Nd5 Nd7 13. Nxe7+ Qxe7 14. Rfd1 Rac8 15. c3 Rc6 16. Ng5 Nf6 17. Nxe6 fxe6 18. Qe3 Qc7 {½-½ (45) Harikrishna,P (2730)-Shankland,S (2731) Prague 2019}) 11... Nd7 12. Bc4 Rc8 (12... b5 {is interesting.} 13. Bb3 a5 14. a3 Rb8 15. Qe2 Nb6) 13. Qe2 Nb6 14. Nxb6 Qxb6 15. Bb3 Rc5 {[#]} 16. Rad1 $146 ({Predecessor:} 16. Rfd1 Be7 17. Ne1 a5 18. Qe3 Qc7 {½-½ (45) Van den Doel,E (2610)-Rakotomaharo,F (2409) Prague 2019}) 16... a5 (16... Bg4 {looks sharper.} 17. c3 h6 18. Rfe1 a5 19. Rd3 Be7) 17. Bxe6 fxe6 18. c3 Be7 19. Rd3 Qb5 20. Rfd1 Qa4 21. b3 Qa3 22. h4 h6 23. g3 b5 24. Rb1 Rc7 25. Kg2 Rfc8 26. Qd2 (26. c4 $5) 26... a4 27. Ng1 axb3 28. axb3 Qa8 29. Re1 {[#]} Qa3 (29... d5 $1 $15 {[%mdl 512]} 30. exd5 Bf6) 30. Rb1 $11 Qa8 ({Black should play} 30... d5 $11) 31. Re1 $17 {[#]} Qa3 (31... d5 $1 $17 32. exd5 Bf6) 32. Rb1 {Accuracy: White = 50%, Black = 60%.} 1/2-1/2